| 000 | 00377 a2200109 4500 | ||
|---|---|---|---|
| 001 | ART_26061 | ||
| 005 | 20260410161936.0 | ||
| 008 | 260409a | ||
| 245 | 1 | 0 | _aDescentralización, interdependencia, flexibilidad |
| 100 | 1 | _aVillanueva, Javier | |
| 773 | 0 |
_tAnales de la Academia Nacional de Ciencias Económicas _g- Vol. XXXIII, (1988) (ene. 1988) _wREV25596 |
|
| 999 |
_c29008 _d29008 |
||